000 00928nam a2200217 i 4500
001 173313
003 ES-MaACL
005 20230906215217.0
008 091125s1969 pr a |||| | spa d
080 _a972.95"15"
100 1 _aBrau, Salvador.
_931399
245 1 3 _aLa colonización de Puerto Rico desde el descubrimiento de la Isla hasta la reversión a la corona española de los privilegios de Colón /
_cSalvador Brau.
250 _a4ª ed.
_banot. por Isabel Gutiérrez del Arroyo.
260 _aSan Juan de Puerto Rico :
_bInstituto de Cultura Puertorriqueña,
_c1969.
300 _a639 p. :
_bil. ;
_c22 cm.
651 4 _aPuerto Rico-
_xHistoria-
_y1493-1511, Descubrimiento y conquista.
_9163440
651 4 _aPuerto Rico-
_xHistoria-
_y1511-1898, Época colonial.
_9155352
700 1 _aGutiérrez del Arroyo, Isabel.
_961131
710 2 _aInstituto de Cultura Puertorriqueña.
_94858
852 _aES-MaACL
_jC-57015
999 _c173313
_d173313